| 000 | 00989cad a22002175a 4500 | ||
|---|---|---|---|
| 001 | E154414 | ||
| 008 | 111129s2011 xxk g 000 0 eng d | ||
| 020 | _a9781853978272 | ||
| 035 | _a(Sirsi) u154414 | ||
| 041 | 0 | _aeng | |
| 110 | 2 |
_aScottish Natural Heritage _92794 |
|
| 245 | 0 | 4 |
_aThe siting and design of aquaculture in the landscape _bvisual and landscape considerations _h[electronic resource] |
| 260 |
_a[S.l.] _bSNH _c2011 |
||
| 520 | _aAdvises on dealing with the visual impact of acquaculture developments on the landscape and offers a decision-making framework for siting and designing both marine and onshore developments. | ||
| 520 | _aSupersedes the guidance issued in 2000 (ISBN 1853972940). | ||
| 590 | _aKA | ||
| 651 | 4 |
_aScotland _y1999- |
|
| 690 | _aPROPERTY-RURAL AND NATURAL ASSETS-WATER RESOURCES | ||
| 856 | 4 | 0 |
_uhttps://www.snh.org.uk/pdfs/publications/heritagemanagement/marineaquaculture.pdf _zView the guidance free of charge at www.snh.org.uk |
| 942 | _n0 | ||
| 999 |
_c112979 _d112979 |
||